书目信息 |
| 题名: |
收获60周年纪念文存-苏东坡突围 草木春秋
|
|
| 作者: | 余秋雨 , 汪曾祺 著 ;收获编辑部 主编 | |
| 分册: | 散文卷 (1993-2000) | |
| 出版信息: | 北京 人民文学出版社 2017.08 |
|
| 页数: | 298页 | |
| 开本: | 25cm | |
| 丛书名: | 99读书人 | |
| 单 册: | ||
| 中图分类: | I217.61 , I267 | |
| 科图分类: | ||
| 主题词: | 中国文学--zhong guo wen xue--当代文学--作品集 , 散文集--san wen ji--中国--当代 | |
| 电子资源: | ||
| ISBN: | 978-7-02-013039-9 | |
| 000 | 01557nam 2200361 450 | |
| 001 | CAL 0120172281641 | |
| 005 | 20171020174042.9 | |
| 010 | @a978-7-02-013039-9@dCNY 89.00 | |
| 010 | @a978-7-02-013039-9@b精装@dCNY89.00 | |
| 100 | @a20171020d2017 em y0chiy50 ea | |
| 101 | 0 | @achi |
| 102 | @aCN@b110000 | |
| 105 | @ay z 000cy | |
| 200 | 1 | @a收获60周年纪念文存-苏东坡突围 草木春秋@Ashou huo 60 zhou nian ji nian wen cun-su dong po tu wei cao mu chun qiu@e苏东坡突围 草木春秋@i散文卷 (1993-2000)@f《收获》编辑部主编@i苏东坡突围 草木春秋@f余秋雨, 汪曾祺等著 |
| 210 | @a北京@c人民文学出版社@d2017.08 | |
| 215 | @a298页@d25cm | |
| 225 | 2 | @a99读书人@A99du shu ren |
| 300 | @a珍藏版 | |
| 330 | @a本书为当代作家的散文集集, 收录了以卞之琳、余秋雨为代表的中国当代作家1993年到2000年的发表于《收获》杂志的近二十篇散文, 包括极有影响力的李辉的《消失了的太平湖》《秋白茫茫》和贾值芳的《上海是个海》等名篇, 篇篇精彩, 质量极高。 | |
| 410 | 0 | @12001 @a99读书人 |
| 517 | 1 | @a散文卷 (1993-2000)@Asan wen juan (1993-2000) |
| 517 | 1 | @a苏东坡突围 草木春秋@Asu dong po tu wei cao mu chun qiu |
| 517 | 1 | @a苏东坡突围 草木春秋@Asu dong po tu wei cao mu chun qiu |
| 606 | 0 | @a中国文学@Azhong guo wen xue@x当代文学@x作品集 |
| 606 | 0 | @a散文集@Asan wen ji@y中国@z当代 |
| 690 | @aI217.61@v5 | |
| 690 | @aI267@v5 | |
| 701 | 0 | @a余秋雨@Ayu qiu yu@4著 |
| 701 | 0 | @a汪曾祺@Awang zeng qi@4著 |
| 712 | 02 | @a收获编辑部@Ashou huo bian ji bu@4主编 |
| 801 | 0 | @aCN@b人天书店@c20171020 |
| 905 | @aBZT@dI217.61@e71-21 | |
| 906 | @dCNY851.00 (9册)@n3@r1 | |
| 收获60周年纪念文存-苏东坡突围 草木春秋:苏东坡突围 草木春秋.散文卷 (1993-2000)/《收获》编辑部主编.苏东坡突围 草木春秋/余秋雨, 汪曾祺等著.-北京:人民文学出版社,2017.08 |
| 298页;25cm.-(99读书人) |
| 珍藏版 |
| ISBN 978-7-02-013039-9:CNY 89.00 |
| 本书为当代作家的散文集集, 收录了以卞之琳、余秋雨为代表的中国当代作家1993年到2000年的发表于《收获》杂志的近二十篇散文, 包括极有影响力的李辉的《消失了的太平湖》《秋白茫茫》和贾值芳的《上海是个海》等名篇, 篇篇精彩, 质量极高。 |
| ● |
| 相关链接 |
|
|
|
正题名:收获60周年纪念文存-苏东坡突围 草木春秋
索取号:I217.61/71-21
 
预约/预借
| 序号 | 登录号 | 条形码 | 馆藏地/架位号 | 状态 | 备注 |
| 1 | 854219 | 2000854219 | 第一书库/ [索取号:I217.61/71-21] | 在馆 |